Statystyki dla Ważne miasta w World of Warcraft

Kliknij tutaj aby rozwiązać quiz!

Ogólne statystyki

  • Ten quiz został rozwiązany 14 razy
  • Średni wynik to 11 z 19

Statystyki odpowiedzi

KontynentMiasto% Poprawnych
KalimdorOrgrimmar
92%
Eastern KingdomsStormwind
92%
Broken IslesDalaran
85%
Eastern KingdomsIronforge
77%
KalimdorThunder Bluff
77%
Eastern KingdomsUndercity
77%
KalimdorDarnassus
69%
Eastern KingdomsSilvermoon
69%
KalimdorExodar
54%
ShadowlandsOribos
54%
OutlandShattrath
54%
Eastern KingdomsStratholme
46%
Kul TirasBoralus
38%
ZandalarDazar'alor
38%
Broken IslesSuramar
38%
KalimdorTheramore
31%
Eastern KingdomsGilneas
23%
Eastern KingdomsGnomeregan
23%
Dragon IslesValdrakken
15%

Rozkład punktacji

Percentyl według liczby udzielonych odpowiedzi

Procent ludzi z każdym wynikiem

Twoja historia wyników

Nie rozwiązałeś tego quizu